Διδακτική γλώσσας και κειμένων : θεωρία και πράξη
Αποθηκεύτηκε σε:
| Κύριος συγγραφέας: | |
|---|---|
| Μορφή: | Βιβλίο |
| Γλώσσα: | Greek |
| Δημοσίευση: |
Αθήνα :
[χ.ό.],
[19--]
|
| Θέματα: | |
| Ετικέτες: |
Προσθήκη ετικέτας
Δεν υπάρχουν, Καταχωρήστε ετικέτα πρώτοι!
|
MARC
| LEADER | 00000cam a2200000 i 4500 | ||
|---|---|---|---|
| 001 | 1/97168 | ||
| 008 | 081112q19801990 gre d | ||
| 035 | |l 10101612 | ||
| 040 | |a GR-MY-UA |b gre |e aacr | ||
| 041 | 0 | |a gre | |
| 082 | 0 | |a 372.62 |2 (22) | |
| 100 | 1 | |a Παπάς, Αθανάσιος Ε. | |
| 245 | 1 | 0 | |a Διδακτική γλώσσας και κειμένων : |b θεωρία και πράξη / |c Αθανάσιος Ε. Παπάς |
| 260 | |a Αθήνα : |b [χ.ό.], |c [19--] | ||
| 300 | |a 3 τ.; |b εικ., φωτ.; |c 24 εκ. | ||
| 504 | |a Περιλαμβάνει βιβλιογραφίες | ||
| 505 | 0 | |a Τ.1-2. Πρώτη ανάγνωση και γραφή.τ.3. Επικοινωνιακή μέθοδος | |
| 650 | 0 | 0 | |a Children |x Language. |
| 650 | 0 | 0 | |a Reading (Primary) |
| 650 | 0 | 0 | |a Greek language, Modern |x Study and teaching (Elementary) |
| 650 | 0 | 0 | |a Education, Elementary |x Study and teaching. |
| 650 | 0 | 0 | |a Teaching |x Methodology. |
| 740 | 0 | 2 | |a Πρώτη ανάγνωση και γραφή |
| 740 | 0 | 2 | |a Επικοινωνιακή μέθοδος |
| 852 | |a INST |b RHODES |e 20081112 |h 372.62 ΠΑΠ |p 005400031262 |q 005400031262 |t BK |y 0 |z τ.3 | ||
| 852 | |a INST |b RHODES |e 20081112 |h 372.62 ΠΑΠ |p 005400031263 |q 005400031263 |t BK |y 0 |z τ.2 | ||
| 852 | |a INST |b RHODES |e 20081112 |h 372.62 ΠΑΠ |p 005400031264 |q 005400031264 |t BK |y 0 |z τ.1 | ||
| 852 | |a INST |b RHODES |e 20081112 |h 372.62 ΠΑΠ |p 005400031262 |q 005400031262 |t BK |v τ.3: |y 0 |z τ.3 | ||
| 852 | |a INST |b RHODES |e 20081112 |h 372.62 ΠΑΠ |p 005400031263 |q 005400031263 |t BK |v τ.2: |y 0 |z τ.2 | ||
| 852 | |a INST |b RHODES |e 20081112 |h 372.62 ΠΑΠ |p 005400031264 |q 005400031264 |t BK |v τ.1: |y 0 |z τ.1 | ||
| 853 | |a INST |b RHODES |h 372.62 ΠΑΠ | ||
| 901 | |a BIBL4-2008-3 | ||
| 909 | |a Ρ |b 153589 | ||
| 909 | |a Ρ |b 153588 | ||
| 909 | |a Ρ |b 153587 | ||
| 970 | |a ΧΑΡΙΟΠΟΛΙΤΟΥ |b ΚΩΝΣΤΑΝΤΙΝΑ |z 2008/11/12 | ||